000 00716nam a2200217 a 4500
001 BRCA_5782
005 20190320205219.0
008 090311s1917----nyu#######---i001-0#eng-#
041 _aeng
044 _anyu
050 4 _aK3403
_b.C66
_c1917
245 1 0 _aCommercial Banking Practice
_bThe Law, Rules and Regulations Governing Acceptances, Rediscounts and Open Market Transactions of Federal Reserve Bank.
_cNational Bank of Commerce in New York.
260 _aNew York
_bNational Bank of Commerce.
_c1917
300 _a66 p.
_c23 cm.
500 _aÍndice
501 _aH81
650 1 4 _aRegulación administrativa
_914667
650 1 4 _aLeyes y legislación
_zNew York
_914668
902 _aGFM
942 _2lcc
_cB
999 _c5471
_d5471